• AIU
  • Tony Wilmot Memorial Library

The encyclopaedia of Islam. (Record no. 57018)

MARC details
000 -LEADER
fixed length control field 01170cam a2200325 a 4500
001 - CONTROL NUMBER
control field 4039341
003 - CONTROL NUMBER IDENTIFIER
control field OSt
005 - DATE AND TIME OF LATEST TRANSACTION
control field 20190206131646.0
008 - FIXED-LENGTH DATA ELEMENTS--GENERAL INFORMATION
fixed length control field 980319s1997 ne i 000 0 eng
010 ## - LIBRARY OF CONGRESS CONTROL NUMBER
LC control number 98128100
020 ## - INTERNATIONAL STANDARD BOOK NUMBER
International Standard Book Number 9004107959
040 ## - CATALOGING SOURCE
Original cataloging agency DLC
Transcribing agency DLC
Modifying agency DLC
043 ## - GEOGRAPHIC AREA CODE
Geographic area code a------
-- f------
050 00 - LIBRARY OF CONGRESS CALL NUMBER
Classification number DS35.53
Item number .E53 1997
082 00 - DEWEY DECIMAL CLASSIFICATION NUMBER
Classification number 909/.097671
Edition number 21
100 1# - MAIN ENTRY--PERSONAL NAME
Personal name Lent, J. van
Fuller form of name (Jos M. J. M.)
9 (RLIN) 21749
245 14 - TITLE STATEMENT
Title The encyclopaedia of Islam.
Name of part/section of a work Glossary and index of technical terms to volumes I-VIII and to the supplement, fascicules 1-6 /
Statement of responsibility, etc compiled by J. van Lent ; edited by P.J. Bearman.
250 ## - EDITION STATEMENT
Edition statement New ed.
260 ## - PUBLICATION, DISTRIBUTION, ETC. (IMPRINT)
Place of publication, distribution, etc Leiden :
Name of publisher, distributor, etc Brill,
Date of publication, distribution, etc 1997.
300 ## - PHYSICAL DESCRIPTION
Extent 358 p. ;
Dimensions 25 cm.
500 ## - GENERAL NOTE
General note Cumulative index to <v. I-VIII, and to suppl., fasc. 1-6>
630 00 - SUBJECT ADDED ENTRY--UNIFORM TITLE
Uniform title Encyclopaedia of Islam
General subdivision Indexes.
9 (RLIN) 48358
650 #0 - SUBJECT ADDED ENTRY--TOPICAL TERM
Topical term or geographic name as entry element Islam
General subdivision Indexes.
9 (RLIN) 48359
651 #0 - SUBJECT ADDED ENTRY--GEOGRAPHIC NAME
Geographic name Islamic countries
General subdivision Indexes.
9 (RLIN) 48360
700 1# - ADDED ENTRY--PERSONAL NAME
Personal name Bearman, P. J.
Fuller form of name (Peri J.)
9 (RLIN) 21750
906 ## - LOCAL DATA ELEMENT F, LDF (RLIN)
a 7
b cbc
c orignew
d 2
e ncip
f 19
g y-gencatlg
942 ## - ADDED ENTRY ELEMENTS (KOHA)
Source of classification or shelving scheme Library of Congress Classification
Koha item type Reference
Holdings
Withdrawn status Lost status Source of classification or shelving scheme Damaged status Not for loan Collection code Home library Current library Shelving location Date acquired Source of acquisition Cost, normal purchase price Total Checkouts Full call number Barcode Date last seen Copy number Price effective from Koha item type
    Library of Congress Classification     Reference AIU/NEGST - Tony Wilmot Memorial Library AIU/NEGST - Tony Wilmot Memorial Library Reference 05/27/2013 Donation 60.00   REF DS 35.53.E53 1997 R26971M3232 09/26/2019 1 05/27/2013 Reference